<?xml version="1.0" encoding="UTF-8"?>
<record
    xmlns:xsi="http://www.w3.org/2001/XMLSchema-instance"
    xsi:schemaLocation="http://www.loc.gov/MARC21/slim http://www.loc.gov/standards/marcxml/schema/MARC21slim.xsd"
    xmlns="http://www.loc.gov/MARC21/slim">

  <leader>02899nam a22003617a 4500</leader>
  <controlfield tag="003">Ost</controlfield>
  <controlfield tag="005">20220211123218.0</controlfield>
  <controlfield tag="007">ta</controlfield>
  <controlfield tag="008">210409e2017    dr ||||erb||| 001 0bspa d</controlfield>
  <datafield tag="020" ind1=" " ind2=" ">
    <subfield code="a">9789945089912</subfield>
  </datafield>
  <datafield tag="040" ind1=" " ind2=" ">
    <subfield code="a">DO-SdBNP</subfield>
    <subfield code="b">spa</subfield>
    <subfield code="c">BNPHU</subfield>
  </datafield>
  <datafield tag="041" ind1=" " ind2=" ">
    <subfield code="h">spa</subfield>
  </datafield>
  <datafield tag="082" ind1=" " ind2="4">
    <subfield code="a">972.93054</subfield>
    <subfield code="b">J96g</subfield>
    <subfield code="2">22</subfield>
  </datafield>
  <datafield tag="100" ind1="1" ind2=" ">
    <subfield code="a">Justo Duarte, Amado</subfield>
    <subfield code="9">78355</subfield>
  </datafield>
  <datafield tag="245" ind1="1" ind2="3">
    <subfield code="a">El gobierno de Bosch, el triunvirato, la guerra civil y la intervenci&#xF3;n norteamericana de 1965 /</subfield>
    <subfield code="b">Amaury Justo Duarte.</subfield>
  </datafield>
  <datafield tag="260" ind1=" " ind2=" ">
    <subfield code="a">Santo Domingo :</subfield>
    <subfield code="b">Santuario, </subfield>
    <subfield code="c">2017.</subfield>
  </datafield>
  <datafield tag="300" ind1=" " ind2=" ">
    <subfield code="a">362 p. ;</subfield>
    <subfield code="c">21 cm.</subfield>
  </datafield>
  <datafield tag="500" ind1=" " ind2=" ">
    <subfield code="a">Incluye &#xED;ndice onom&#xE1;stico,
</subfield>
  </datafield>
  <datafield tag="500" ind1=" " ind2=" ">
    <subfield code="a">Incluye referencias bibliogr&#xE1;ficas y notas al pie de las p&#xE1;ginas</subfield>
  </datafield>
  <datafield tag="500" ind1=" " ind2=" ">
    <subfield code="a">Incluye datos biogr&#xE1;ficos del autor en la solapa de la cubierta </subfield>
  </datafield>
  <datafield tag="504" ind1=" " ind2=" ">
    <subfield code="a">Bibliograf&#xED;a : p. 353-356</subfield>
  </datafield>
  <datafield tag="505" ind1="1" ind2=" ">
    <subfield code="a">Presentaci&#xF3;n.--</subfield>
  </datafield>
  <datafield tag="505" ind1="1" ind2=" ">
    <subfield code="a">Primera parte </subfield>
    <subfield code="t">El gobierno de Juan Bosch :</subfield>
    <subfield code="t">Introducci&#xF3;n</subfield>
    <subfield code="t">Cap&#xED;tulo I </subfield>
    <subfield code="u">El gobierno de Bosch y la nueva situaci&#xF3;n pol&#xED;tica.--</subfield>
    <subfield code="t">Cap&#xED;tulo II:</subfield>
    <subfield code="u">Los conservadores en la oposici&#xF3;n.--</subfield>
    <subfield code="t">Cap&#xED;tulo III :</subfield>
    <subfield code="u">La peque&#xF1;a burgues&#xED;a y las luchas pol&#xED;ticas.--</subfield>
    <subfield code="t">Cap&#xED;tulo IV :</subfield>
    <subfield code="u">La situaci&#xF3;n en la zona del Caribe.-</subfield>
    <subfield code="u">La pol&#xED;tica exterior del gobierno norteamericano para la Rep&#xFA;blica Dominicana-</subfield>
    <subfield code="t">Cap&#xED;tulo V :
</subfield>
    <subfield code="u">Del 27 de febrero al 17 de julio de 1963 : un gobierno sin perspectivas.-</subfield>
    <subfield code="t">Cap&#xED;tulo VI :</subfield>
    <subfield code="u">Del 17 de julio al 25  de septiembre de 1963: el golpe de Garc&#xED;a a un poder moribundo.-</subfield>
  </datafield>
  <datafield tag="505" ind1="1" ind2=" ">
    <subfield code="a">Segunda parte :</subfield>
    <subfield code="t">El triunvirato.-</subfield>
    <subfield code="t">Cap&#xED;tulo VII :</subfield>
    <subfield code="u">El triunvirato: un engendro de la fracci&#xF3;n c&#xED;vica.-</subfield>
    <subfield code="t">Cap&#xED;tulo VIII :</subfield>
    <subfield code="u">Las fuerzas pol&#xED;ticas de la oposici&#xF3;n.-</subfield>
    <subfield code="t">Cap&#xED;tulo IX :</subfield>
    <subfield code="u">La peque&#xF1;a burgues&#xED;a ante la ofensiva de la reacci&#xF3;n.-</subfield>
    <subfield code="t">Cap&#xED;tulo X :</subfield>
    <subfield code="u">Del 25 de septiembre al 21 de diciembre de 1963: las premisas pol&#xED;ticas de la consolidaci&#xF3;n del triunvirato.-</subfield>
    <subfield code="t">Cap&#xED;tulo XI :</subfield>
    <subfield code="u">De diciembre de 1963 a enero de 1965: el poder c&#xED;vico al desnudo.-</subfield>
    <subfield code="t">Cap&#xED;tulo XII :</subfield>
    <subfield code="u">De enero a abril 1965: al pacto de R&#xED;o Piedras.</subfield>
    <subfield code="u">Las bases materiales de la crisis..-</subfield>
    <subfield code="t">Cap&#xED;tulo XIII :</subfield>
    <subfield code="u">Los objetivos de los grupos pol&#xED;ticos a la v&#xED;spera de la insurrecci&#xF3;n de abril.-</subfield>
    <subfield code="t">Cap&#xED;tulo XIV :</subfield>
    <subfield code="u">El derrocamiento del triunvirato.-</subfield>
  </datafield>
  <datafield tag="505" ind1="1" ind2=" ">
    <subfield code="a">Tercera parte :</subfield>
    <subfield code="t">Guerra civil.-</subfield>
    <subfield code="t">Cap&#xED;tulo XV :</subfield>
    <subfield code="u">Del 25 al 28 de abril: la ruptura del frente antic&#xED;vico y la instauraci&#xF3;n de un doble poder.-</subfield>
    <subfield code="t">Cap&#xED;tulo XVI :</subfield>
    <subfield code="u">Del 27 al 28 de abril: el colapso de las fuerzas militares reaccionarias.-</subfield>
  </datafield>
  <datafield tag="505" ind1="1" ind2=" ">
    <subfield code="a">Cuarta parte :</subfield>
    <subfield code="t">Cap&#xED;tulo XVII :</subfield>
    <subfield code="u">La intervenci&#xF3;n norteamericana: el fin de las ilusiones.-</subfield>
  </datafield>
  <datafield tag="505" ind1="1" ind2=" ">
    <subfield code="a">Significado de los t&#xE9;rminos sociol&#xF3;gicos utilizados en el presente libro.-</subfield>
  </datafield>
  <datafield tag="590" ind1=" " ind2=" ">
    <subfield code="a">Inventariado, 2021/MFF</subfield>
  </datafield>
  <datafield tag="651" ind1=" " ind2="4">
    <subfield code="a">Rep&#xFA;blica Dominicana</subfield>
    <subfield code="x">Historia </subfield>
    <subfield code="y">Revoluci&#xF3;n, 1965</subfield>
    <subfield code="9">2167</subfield>
  </datafield>
  <datafield tag="651" ind1=" " ind2="4">
    <subfield code="a">Rep&#xFA;blica Dominicana</subfield>
    <subfield code="x">Pol&#xED;tica y gobierno </subfield>
    <subfield code="x">Historia</subfield>
    <subfield code="9">1212</subfield>
  </datafield>
  <datafield tag="910" ind1=" " ind2=" ">
    <subfield code="a">Validado. Control de calidad MFF</subfield>
  </datafield>
  <datafield tag="942" ind1=" " ind2=" ">
    <subfield code="2">ddc</subfield>
    <subfield code="c">LBS1</subfield>
  </datafield>
  <datafield tag="952" ind1=" " ind2=" ">
    <subfield code="0">0</subfield>
    <subfield code="1">0</subfield>
    <subfield code="2">ddc</subfield>
    <subfield code="5">1</subfield>
    <subfield code="7">0</subfield>
    <subfield code="8">PD</subfield>
    <subfield code="a">BNPHU</subfield>
    <subfield code="b">BNPHU</subfield>
    <subfield code="c">HD</subfield>
    <subfield code="d">2018-06-29</subfield>
    <subfield code="e">Dep&#xF3;sito Legal </subfield>
    <subfield code="l">0</subfield>
    <subfield code="o">BNPHU PD 972.93054 J96g</subfield>
    <subfield code="p">2021-1356</subfield>
    <subfield code="r">2021-04-09</subfield>
    <subfield code="w">2021-04-09</subfield>
    <subfield code="y">LBS1</subfield>
  </datafield>
  <datafield tag="952" ind1=" " ind2=" ">
    <subfield code="0">0</subfield>
    <subfield code="1">0</subfield>
    <subfield code="2">ddc</subfield>
    <subfield code="5">1</subfield>
    <subfield code="7">0</subfield>
    <subfield code="8">PD</subfield>
    <subfield code="a">BNPHU</subfield>
    <subfield code="b">BNPHU</subfield>
    <subfield code="c">HD</subfield>
    <subfield code="d">2018-06-29</subfield>
    <subfield code="e">Dep&#xF3;sito Legal </subfield>
    <subfield code="l">0</subfield>
    <subfield code="o">BNPHU PD 972.93054 J96g</subfield>
    <subfield code="p">2021-1357</subfield>
    <subfield code="r">2021-04-12</subfield>
    <subfield code="t">e.2</subfield>
    <subfield code="w">2021-04-12</subfield>
    <subfield code="y">LBS1</subfield>
  </datafield>
  <datafield tag="952" ind1=" " ind2=" ">
    <subfield code="0">0</subfield>
    <subfield code="1">0</subfield>
    <subfield code="2">ddc</subfield>
    <subfield code="5">6</subfield>
    <subfield code="7">0</subfield>
    <subfield code="8">DS</subfield>
    <subfield code="a">BNPHU</subfield>
    <subfield code="b">BNPHU</subfield>
    <subfield code="c">HD</subfield>
    <subfield code="d">2018-06-29</subfield>
    <subfield code="e">Dep&#xF3;sito Legal </subfield>
    <subfield code="l">0</subfield>
    <subfield code="o">BNPHU DS 972.93054 J96g</subfield>
    <subfield code="p">2021-1358</subfield>
    <subfield code="r">2021-04-12</subfield>
    <subfield code="t">e.3</subfield>
    <subfield code="w">2021-04-12</subfield>
    <subfield code="y">LBS1</subfield>
  </datafield>
  <datafield tag="999" ind1=" " ind2=" ">
    <subfield code="c">49715</subfield>
    <subfield code="d">49715</subfield>
  </datafield>
</record>
